000 01068cam a2200337 4500
001 86871
003 ARRUPE
005 20150114133724.0
008 820709r1974 nyu b 001 0 eng
010 _a 74010690
020 _a0387900888
035 _a(OCoLC)947952
035 _a(OCoLC)ocm00947952
035 _a(CStRLIN)NYCG82-B29562
035 _a(NNC)86871
040 _dNNC
_carrupe
050 1 _aQA312
_b.H26 1974
082 _a515/.42
090 _aQA312
_b.H26 1974
100 1 _aHalmos, Paul R.
_q(Paul Richard),
_d1916-2006.
_913924
245 0 0 _aMeasure theory
_c[by] Paul R. Halmos.
260 _aNew York,
_bSpringer-Verlag
_c[1974, c1950]
300 _axi, 304 p.
_c25 cm.
490 1 _aGraduate texts in mathematics ;
_v18
500 _aReprint of the ed. published by Van Nostrand, New York, in series: The University series in higher mathematics.
504 _aBibliography: p. 293-296.
650 0 _aMeasure theory.
_913925
830 0 _aGraduate texts in mathematics ;
_v18.
_913926
942 _2lcc
_cMONOGRAPH
999 _c121656
_d121656